Analysis of the generational differences between first class hotel employees and management

Bibliográfiai részletek
Szerző: Tóth-Csák Máté
További közreműködők: Karakasné Morvay Klára
Dokumentumtípus: Diplomadolgozat
Kulcsszavak:Generation X
Generation Y
Baby Boomers
Conflicts
Human Resources
Differences
Online Access:http://dolgozattar.uni-bge.hu/13058

MARC

LEADER 00000nta a2200000 i 4500
001 dolg13058
005 20180301171257.0
008 171128suuuu hu om 000 eng d
040 |a BGE Dolgozattár Repozitórium  |b hun 
041 |a en 
100 1 |a Tóth-Csák Máté 
245 1 0 |a Analysis of the generational differences between first class hotel employees and management  |c Tóth-Csák Máté  |h [elektronikus dokumentum] 
246 1 1 |a Generációs különbségek első osztályú hotelek dolgozói és vezetősége között 
246 1 1 |a Analysis of the generational differences between first class hotel employees and management 
695 |a Generation X 
695 |a Generation Y 
695 |a Baby Boomers 
695 |a Conflicts 
695 |a Human Resources 
695 |a Differences 
700 1 |a Karakasné Morvay Klára  |e ths 
856 4 0 |u http://dolgozattar.uni-bge.hu/13058/1/Toth-Csak_Mate_Dissertation_.pdf  |z Dokumentum-elérés